000 00575nam a2200229Ia 4500
003 OSt
005 20220924152025.0
006 a|||||r|||| 00| 0
007 ta
008 220923b |||||||| |||| 00| 0 mar d
024 _a340478
037 _cTextual
040 _aARTS
_cARTS
_bmar
041 _2mar
_amar
082 _aO155,2N241,5, L2
100 _aGokhale
_9223039
245 0 _aMadanachi Manjiri
260 _c1972
650 _aMARATHI LITERATURE
_938000
942 _hO155,2N241,5, L2
_cTEXL
_2CC
999 _c468449
_d468449